| 000 | 01475cad a22002055a 4500 | ||
|---|---|---|---|
| 001 | L143621 | ||
| 008 | 080521e20080421xxk f f000 0 eng d | ||
| 035 | _a(Sirsi) u143621 | ||
| 041 | 0 | _aeng | |
| 110 | 1 |
_aUnited Kingdom _bParliament _bHouse of Commons _bSelect Committee for Communities and Local Government _94987 |
|
| 240 | 0 | 4 | _aThe supply of rented housing |
| 245 | 0 | 0 |
_aCommunities and Local Government Committee _beighth report _h[electronic resource] |
| 260 |
_aLondon _bUK Parliament _c2008 |
||
| 520 | _aAddresses the problems faced by the rented housing sector. Policy has often treated renting occupiers as second best to owner occupiers. Supply of private and social rented housing needs to be increased to reach government targets. Quality issues should be addressed, and greater varieties of private tenancy made available. The housing benefit system should be tailored to deal with late payments and also to encourage claimants into work. More effective regulation of the private sector is required. Social sector right to buy has been beneficial, but resulted in the proliferation of rented flats rather than family homes. | ||
| 590 | _aKA NTK | ||
| 651 | 4 |
_aUnited Kingdom _y |
|
| 690 | _aPROPERTY-RESIDENTIAL PROPERTY-RESIDENTIAL PROPERTY TENURE-LEASEHOLD RESIDENTIAL PROPERTY | ||
| 856 | 4 | 0 |
_uhttps://www.publications.parliament.uk/pa/cm200708/cmselect/cmcomloc/457/45702.htm _zView the item free of charge at www.publications.parliament.uk... |
| 942 | _n0 | ||
| 999 |
_c80247 _d80247 |
||